000 00815nam a2200253Ia 4500
003 GCL
008 140319s9999 xx 000 0 ara d
020 _a5706063977
040 _aGCL /
_cGCL
082 0 4 _a153.35
_bن س
100 1 _aنبيل السيد حسن
245 1 0 _aسيكولوجية الابداع /
_cنبيل السيد حسن
250 _aالاولى
260 _aالقاهرة :
_bدار فرحة للنشر والتوزيع ،
_c2006
300 _a180 ص ؛
_c24 سم
650 0 4 _aالابداع الادبى والفنى
650 0 4 _aالاطفال فى الفن
650 0 4 _aالقدرة الخلاقة
650 0 4 _aالابتكار
650 0 4 _aالتخيل الابداعى
650 0 4 _aالاطفال الموهوبون
650 0 4 _aالابداع
942 _2ddc
_cBK
999 _c8549
_d8549